000 00570nam a2200181Ia 4500
008 090630s9999 xx 000 0 und d
082 _b15938
100 _aपुडलिक विद्याधर.
245 _aबहर.
_cपुडलिक विद्याधर.
260 _bउन्मेष - पुणे.
300 _a288
600 _aपुडलिक विद्याधर.
630 _aबहर.
655 _aलघुकथा.
700 _aपुडलिक विद्याधर.
730 _aबहर.
942 _cBOOK
999 _c267794
_d267794